| 000 | 00000nam##2200000za#4500 |
| 001 | 9.604335 |
| 003 | CaOODSP |
| 005 | 20210624211528 |
| 007 | cr ||||||||||| |
| 008 | 150406|1998||||xxc|||||o f|0| 0 fre|d |
| 040 | |aCaOODSP|bfre |
| 043 | |an-cn--- |
| 086 | 1 |aEn56-119/7-1998F-PDF |
| 110 | 1 |aCanada. |bEnvironnement Canada. |
| 245 | 10|aQuestions intersectorielles|h[ressource électronique] |
| 260 | |aOttawa - Ontario : |bEnvironnement Canada |cOctobre 1998. |
| 300 | |a255p.|bfigures, graphiques, références, tableaux |
| 490 | 1 |aL'Étude pan-canadienne|vTome VIII |
| 590 | |a12-31-Supp|b2012-07-06 |
| 720 | 1 |aMayer, Nicola |
| 720 | 1 |aAvis, Wendy |
| 775 | 08|tNational cross-cutting issues volume / |w(CaOODSP)9.557359 |
| 776 | 0#|tQuestions intersectorielles|w(CaOODSP)9.624899 |
| 830 | #0|aL'étude pan-canadienne ;|vTome VIII|w(CaOODSP)9.503450 |
| 856 | 40|ahttp://publications.gc.ca|qPDF|s2.74 Mo|uhttps://publications.gc.ca/collections/Collection/En56-119-7-1998F.pdf|yTome VIII |